Riconosci lo Stato - Quiz n°111 - Statistics

Statistiche generali
  • Questo quiz è stato fatto 29 volte
  • Il punteggio medio è 10 su 12
Statistiche sulle risposte
Indizio Risposta % Corretto
Iniziale della Capitale A
92%
Valuta Nacfa
92%
Popolazione 3.546.000 ab.
84%
Presidente della Repubblica Isaias Afewerki
84%
Forma di Governo Repubblica presidenziale monopartitica de iureDittatura totalitaria de facto
84%
Fuso Orario UTC+3
84%
ISU 0,492
80%
PIL (nominale) 10 625 milioni di $
80%
Superficie 121.320 km²
80%
Tasso di crescita 2,25%
80%
Indipendenza dall'Etiopia
24 maggio 1991 (de facto)
24 maggio 1993 (riconosciuta)
80%
Risposta Eritrea
76%
Nessun quiz corrispondente trovato
Distribuzione punteggi
Percentuale di utenti per punteggio
Percentile per numero di risposta
I tuoi punteggi nel tempo
Non hai fatto questo quiz